000 00507nam a2200205Ia 4500
001 13460
003 GE_BSU
008 181216s||||||||xx |||||||||||||| ||und||
020 _a97801992819192
040 _cGE_BSU
080 _a821.111(038)
245 4 _aThe Oxford Dictionary of Current English
245 _cEdited by B.E.Allen
260 _aNew York
260 _bOxford univ-ty Press
260 _c1984
300 _a894p.18cm.
653 _aThe Oxford Dictionary of Current English
942 _cBK
999 _c46620
_d46620